[Event "St Petersburg Northwest Cup-B"]
[Site "St Petersburg"]
[Date "2019.12.14"]
[Round "6"]
[White "Timerkhanov, Alexander"]
[Black "Suleymanyants, Odisey"]
[Result "1-0"]
[WhiteElo "2388"]
[BlackElo "2275"]
[PlyCount "69"]
[EventDate "2019.12.09"]
[EventType "tourn"]
[EventRounds "9"]
[EventCountry "RUS"]
[EventCategory "4"]
[SourceTitle "CBM 193 Extra"]
[Source "ChessBase"]
[SourceDate "2020.01.31"]
[SourceVersion "1"]
[SourceVersionDate "2020.01.31"]
[SourceQuality "1"]

1. d4 Nf6 2. Bg5 Ne4 3. Bf4 d5 4. f3 Nd6 5. Nc3 Nf5 6. Qd2 e6 7. 0-0-0 Nc6 8. e4 Nfxd4 9. exd5 exd5 10. Qe3+ Be6 11. Rxd4 Bc5 12. Bb5 Qd7 13. Nge2 0-0 14. Qd2 Bxd4 15. Nxd4 Qe7 16. Bxc6 bxc6 17. Nxc6 Qc5 18. Nd4 Rfb8 19. Nb3 Qc4 20. Qd4 Rb4 21. Rd1 c5 22. Qxc4 Rxc4 23. Bd6 a5 24. Nxd5 a4 25. Nxc5 Bxd5 26. Rxd5 f6 27. Bg3 Rc8 28. Bf2 g5 29. b3 axb3 30. axb3 Rb4 31. c4 Kf7 32. Kb2 Re8 33. Kc3 Rbb8 34. Ne4 Kg6 35. Rd6 1-0

[Event "Orsha blitz op"]
[Site "Orsha"]
[Date "2018.02.03"]
[Round "3"]
[White "Kovalev, Vladislav"]
[Black "Suleymanyants, Odisey"]
[Result "1-0"]
[WhiteElo "2549"]
[BlackElo "2283"]
[PlyCount "95"]
[EventDate "2018.02.03"]
[EventType "swiss (blitz)"]
[EventRounds "9"]
[EventCountry "BLR"]
[SourceTitle "CBM 182 Extra"]
[Source "ChessBase"]
[SourceDate "2018.02.23"]
[SourceVersion "1"]
[SourceVersionDate "2018.02.23"]
[SourceQuality "1"]

1. d4 Nf6 2. Bf4 d6 3. Nc3 Nbd7 4. Nf3 c6 5. e4 d5 6. e5 Nh5 7. Be3 g6 8. h4 Nb6 9. Be2 Nc4 10. Bxc4 dxc4 11. Nd2 b5 12. a4 b4 13. Nce4 c3 14. bxc3 bxc3 15. Nxc3 Be6 16. Qf3 Bd5 17. Nxd5 cxd5 18. c4 e6 19. cxd5 exd5 20. Rb1 Be7 21. Rb5 Qc7 22. 0-0 0-0 23. g3 Rab8 24. Qxd5 Rbd8 25. Qb7 Qxb7 26. Rxb7 Rfe8 27. Rxa7 f6 28. Ne4 f5 29. Ng5 Bxg5 30. hxg5 Ng7 31. Rb1 Rb8 32. Rxb8 Rxb8 33. d5 Rd8 34. e6 Rxd5 35. Ra8+ Ne8 36. Rxe8+ Kg7 37. Re7+ Kf8 38. Rxh7 Re5 39. e7+ Ke8 40. Rg7 Kd7 41. Kg2 Ke8 42. Bf4 Re6 43. a5 Ra6 44. Bd2 f4 45. Bb4 f3+ 46. Kxf3 Kd7 47. Rg8 Kc7 48. e8Q 1-0

[Event "Orsha blitz op"]
[Site "Orsha"]
[Date "2018.02.03"]
[Round "6"]
[White "Suleymanyants, Odisey"]
[Black "Navumenka, Mikhei"]
[Result "0-1"]
[WhiteElo "2283"]
[BlackElo "1888"]
[PlyCount "94"]
[EventDate "2018.02.03"]
[EventType "swiss (blitz)"]
[EventRounds "9"]
[EventCountry "BLR"]
[SourceTitle "CBM 182 Extra"]
[Source "ChessBase"]
[SourceDate "2018.02.23"]
[SourceVersion "1"]
[SourceVersionDate "2018.02.23"]
[SourceQuality "1"]

1. e4 e6 2. d4 d5 3. Nc3 Nf6 4. Bg5 Be7 5. exd5 Nxd5 6. Bxe7 Qxe7 7. Nxd5 exd5+ 8. Qe2 Qxe2+ 9. Bxe2 Nc6 10. c3 0-0 11. Bd3 Re8+ 12. Kd2 Bg4 13. f3 Bh5 14. Bb5 Bg6 15. Ne2 f6 16. Nf4 Bf7 17. Bxc6 bxc6 18. Nd3 Re7 19. Rhe1 Rae8 20. Rxe7 Rxe7 21. a4 Bg6 22. Nc5 h5 23. h4 Bf5 24. b4 g5 25. hxg5 fxg5 26. b5 Bd7 27. bxc6 Bxc6 28. Rb1 Re8 29. a5 Kg7 30. Na6 Re7 31. Nb4 Bb5 32. Nxd5 Re2+ 33. Kd1 Bc4 34. Rb4 Bd3 35. Nxc7 Rxg2 36. d5 h4 37. d6 Bf5 38. Rb5 Bd7 39. Re5 Ba4+ 40. Ke1 h3 41. Kf1 Rd2 42. Re4 h2 43. Ke1 Rxd6 44. Rxa4 h1Q+ 45. Kf2 Qh2+ 46. Ke3 Qd2+ 47. Ke4 Qf4# 0-1

[Event "RUS-ch Higher League 69th"]
[Site "Kolomna"]
[Date "2016.06.30"]
[Round "8"]
[White "Bykov, Egor"]
[Black "Suleymanyants, Odisey"]
[Result "0-1"]
[WhiteElo "2341"]
[BlackElo "2268"]
[PlyCount "126"]
[EventDate "2016.06.22"]
[EventType "swiss"]
[EventRounds "9"]
[EventCountry "RUS"]
[SourceTitle "CBM 174"]
[Source "ChessBase"]
[SourceDate "2016.09.13"]
[SourceVersion "1"]
[SourceVersionDate "2016.09.13"]
[SourceQuality "1"]

1. d4 Nf6 2. Nf3 d6 3. g3 Nbd7 4. Bg2 e5 5. 0-0 exd4 6. Nxd4 g6 7. c4 Bg7 8. Nc3 0-0 9. e4 Re8 10. f3 c6 11. Kh1 a5 12. Be3 Nc5 13. Qd2 a4 14. Rfd1 Qa5 15. Rab1 Nfd7 16. b4 axb3 17. axb3 Qb4 18. Nce2 Qxd2 19. Rxd2 f5 20. Bf4 fxe4 21. Bxd6 e3 22. Rdd1 Ra2 23. Bf1 Rd2 24. Bf4 Bxd4 25. Nxd4 Rxd4 26. Rxd4 e2 27. Bxe2 Rxe2 28. Bd6 Ne6 29. Rd3 Kf7 30. g4 Ne5 31. Bxe5 Rxe5 32. Rd2 Nf4 33. Kg1 Be6 34. Kf2 g5 35. Ra1 b5 36. Ra7+ Kg6 37. Rc7 bxc4 38. bxc4 c5 39. Rd6 Kf6 40. Kf1 h6 41. Rdc6 Nd3 42. Rh7 Re1+ 43. Kg2 Ke5 44. Rxh6 Bxc4 45. h4 Bd5 46. Rc8 Nf4+ 47. Kf2 Re2+ 48. Kf1 Kd4 49. hxg5 Re3 50. Rd6 Rxf3+ 51. Kg1 Rg3+ 52. Kf2 Rxg4 53. g6 Nxg6 54. Rg8 Rf4+ 55. Ke2 Re4+ 56. Kd2 Ne5 57. Rdd8 Nf3+ 58. Kc2 c4 59. Rg3 Re2+ 60. Kc1 Ne5 61. Kd1 Rf2 62. Rh3 Nd3 63. Rg3 Ke5 0-1

[Event "RUS-ch Higher League 69th"]
[Site "Kolomna"]
[Date "2016.06.28"]
[Round "6"]
[White "Yuffa, Daniil"]
[Black "Suleymanyants, Odisey"]
[Result "1-0"]
[WhiteElo "2502"]
[BlackElo "2268"]
[PlyCount "59"]
[EventDate "2016.06.22"]
[EventType "swiss"]
[EventRounds "9"]
[EventCountry "RUS"]
[SourceTitle "CBM 174"]
[Source "ChessBase"]
[SourceDate "2016.09.13"]
[SourceVersion "1"]
[SourceVersionDate "2016.09.13"]
[SourceQuality "1"]

1. Nf3 Nf6 2. g3 g6 3. Bg2 Bg7 4. 0-0 0-0 5. c4 d6 6. d4 c5 7. Nc3 Nbd7 8. d5 Nb6 9. Nd2 e6 10. a4 exd5 11. cxd5 Ne8 12. e4 h5 13. h3 a5 14. f4 Bd7 15. Nf3 Qc7 16. Kh2 Rb8 17. e5 h4 18. g4 g5 19. e6 fxe6 20. Nxg5 Bxc3 21. bxc3 Nxd5 22. Bxd5 exd5 23. Qxd5+ Kg7 24. c4 Nf6 25. Bb2 Qb6 26. Qd2 Rbe8 27. Qc2 Rh8 28. Bxf6+ Kxf6 29. Qc3+ Kg6 30. f5+ 1-0

[Event "RUS-ch Higher League 69th"]
[Site "Kolomna"]
[Date "2016.06.24"]
[Round "3"]
[White "Suleymanyants, Odisey"]
[Black "Antipov, Mikhail Al"]
[Result "0-1"]
[WhiteElo "2268"]
[BlackElo "2584"]
[PlyCount "121"]
[EventDate "2016.06.22"]
[EventType "swiss"]
[EventRounds "9"]
[EventCountry "RUS"]
[SourceTitle "CBM 174"]
[Source "ChessBase"]
[SourceDate "2016.09.13"]
[SourceVersion "1"]
[SourceVersionDate "2016.09.13"]
[SourceQuality "1"]

1. e4 c5 2. Nf3 Nc6 3. g3 Nf6 4. d3 d5 5. exd5 Nxd5 6. Bg2 g6 7. 0-0 Bg7 8. Nbd2 0-0 9. Re1 b6 10. Nc4 Bb7 11. c3 Qc7 12. Qb3 Rad8 13. a4 Ba6 14. Ng5 e6 15. a5 Nxa5 16. Nxa5 bxa5 17. Be4 Nf6 18. Qa3 Bxd3 19. Bxd3 Rxd3 20. Qxa5 Qc6 21. Qa4 Qd5 22. Bf4 Nh5 23. Bc1 h6 24. Nh3 g5 25. Qe4 Rd1 26. Qe2 Rxe1+ 27. Qxe1 Qf3 28. Qe3 Qf5 29. Kg2 Rd8 30. f3 Nf6 31. Nf2 Qc2 32. Kf1 g4 33. Qe2 Qxe2+ 34. Kxe2 gxf3+ 35. Kxf3 Rd7 36. Ra5 Bf8 37. Be3 Rb7 38. Nd3 Nd7 39. c4 Rb3 40. Ke2 Nb6 41. Rb5 Rxb5 42. cxb5 Nc4 43. Bf2 Nd6 44. Nxc5 Nxb5 45. Na6 Bg7 46. b4 Kf8 47. Kd3 Ke7 48. Kc4 Nd6+ 49. Kb3 Nc8 50. Kc4 f5 51. Kb5 Kd6 52. Nc5 Kd5 53. Ka6 Bc3 54. b5 e5 55. Nb3 Kc4 56. Nc1 Bd4 57. Be1 Nd6 58. h3 h5 59. Ne2 Nxb5 60. g4 fxg4 61. hxg4 0-1

[Event "Chigorin Memorial 21st"]
[Site "St Petersburg"]
[Date "2013.10.10"]
[Round "6"]
[White "Suleymanyants, Odisey"]
[Black "Trapeznikova, Darya"]
[Result "0-1"]
[WhiteElo "2262"]
[BlackElo "2048"]
[PlyCount "88"]
[EventDate "2013.10.05"]
[EventType "swiss"]
[EventRounds "9"]
[EventCountry "RUS"]
[SourceTitle "CBM 156 Extra"]
[Source "ChessBase"]
[SourceDate "2013.10.22"]
[SourceVersion "1"]
[SourceVersionDate "2013.10.22"]
[SourceQuality "1"]

1. d4 d5 2. Nf3 c6 3. Nbd2 Nf6 4. e3 Bf5 5. Bd3 Bg6 6. 0-0 e6 7. Ne5 Nbd7 8. f4 Bd6 9. g4 Qe7 10. g5 Bxe5 11. dxe5 Ne4 12. Bxe4 Bxe4 13. Nxe4 dxe4 14. Qd4 h6 15. Qxe4 hxg5 16. Bd2 0-0-0 17. Bb4 c5 18. Ba5 Rdg8 19. Rad1 Rh4 20. Be1 Rg4+ 21. Bg3 f5 22. Qa4 a6 23. e4 g6 24. fxg5 Rxe4 25. Qb3 Re8 26. Qd3 Nxe5 27. Qc3 Nc6 28. Rfe1 Rxe1+ 29. Rxe1 e5 30. h4 Qd6 31. Kg2 Qd4 32. Re2 Qg4 33. Qf3 Qxf3+ 34. Kxf3 Nd4+ 35. Kf2 Nxe2 36. Kxe2 Kd7 37. Kf3 Ke6 38. Bf2 b6 39. a4 Rd8 40. Ke2 f4 41. c3 a5 42. b4 axb4 43. cxb4 cxb4 44. Bxb6 Rc8 0-1

[Event "Chigorin Memorial 20th"]
[Site "St Petersburg"]
[Date "2012.10.30"]
[Round "4"]
[White "Can, Emre"]
[Black "Suleymanyants, Odisey"]
[Result "1-0"]
[WhiteElo "2449"]
[BlackElo "2227"]
[PlyCount "119"]
[EventDate "2012.10.27"]
[EventType "swiss"]
[EventRounds "9"]
[EventCountry "RUS"]
[SourceTitle "EXT 2013"]
[Source "ChessBase"]
[SourceDate "2012.11.22"]
[SourceVersion "1"]
[SourceVersionDate "2012.11.22"]
[SourceQuality "1"]

1. e4 d6 2. d4 Nf6 3. Nc3 e5 4. Nf3 Nc6 5. Bb5 exd4 6. Nxd4 Bd7 7. Bxc6 bxc6 8. Qf3 Rb8 9. b3 Be7 10. h3 0-0 11. 0-0 Re8 12. Rd1 Qc8 13. Bf4 c5 14. Nde2 Bc6 15. Ng3 Bf8 16. Bg5 Nd7 17. Nd5 Bxd5 18. Rxd5 c4 19. Nf5 Nc5 20. Re1 Qe6 21. Rd4 Qg6 22. Bd2 Re5 23. Nh4 Qf6 24. Qxf6 gxf6 25. b4 Ne6 26. Rxc4 d5 27. exd5 Rxd5 28. Bc3 f5 29. g4 Ng5 30. Kg2 fxg4 31. hxg4 c5 32. bxc5 Rxc5 33. Rxc5 Bxc5 34. Nf5 Ne6 35. Rd1 Rc8 36. Be5 Bf8 37. c3 Rc5 38. Bd4 Ra5 39. Rd2 h5 40. f3 hxg4 41. fxg4 Ra4 42. Kf3 Ba3 43. Rh2 Nxd4+ 44. cxd4 f6 45. Rc2 Kf7 46. Rc7+ Ke8 47. d5 Ra6 48. Rc6 Ra5 49. d6 Bb2 50. Rc8+ Kd7 51. Rc7+ Kd8 52. Ne7 Ra3+ 53. Ke2 Rc3 54. Nc6+ Rxc6 55. Rxc6 Kd7 56. Rc7+ Kxd6 57. Rxa7 Ke5 58. Kf3 Bc3 59. Rb7 Ke6 60. Ke4 1-0

[Event "Karelian Autumn"]
[Site "Petrozavodsk"]
[Date "2012.10.16"]
[Round "5"]
[White "Konakov, Nikolay Anatolievic"]
[Black "Suleymanyants, Odisey"]
[Result "1-0"]
[WhiteElo "2022"]
[BlackElo "2227"]
[PlyCount "101"]
[EventDate "2012.10.14"]
[EventType "swiss"]
[EventRounds "9"]
[EventCountry "RUS"]
[SourceTitle "EXT 2013"]
[Source "ChessBase"]
[SourceDate "2012.11.22"]
[SourceVersion "1"]
[SourceVersionDate "2012.11.22"]
[SourceQuality "1"]

1. e4 e5 2. Nf3 Nc6 3. d4 exd4 4. Nxd4 d6 5. Nc3 Nf6 6. Bf4 Be7 7. Qd2 0-0 8. 0-0-0 Re8 9. f3 Ne5 10. Be2 c6 11. g4 Bd7 12. h4 b5 13. h5 b4 14. Nb1 c5 15. Nf5 Bxf5 16. gxf5 h6 17. Bb5 Qa5 18. Bxh6 Qxb5 19. Qg5 Nxh5 20. Qxh5 Bf6 21. Rdg1 Kf8 22. Bxg7+ Bxg7 23. Rxg7 Ke7 24. f4 Rh8 25. Qg5+ Kd7 26. Rd1 Nc6 27. Rxf7+ Kc8 28. Qf6 Rd8 29. Qe6+ Kb8 30. Rd7 Rxd7 31. Qxd7 Nd4 32. Qxb5+ Nxb5 33. f6 Kc7 34. e5 Kd7 35. f5 Nd4 36. e6+ Nxe6 37. fxe6+ Kxe6 38. Nd2 d5 39. Rf1 Kf7 40. Nb3 Rc8 41. Kd2 Rc6 42. Rf5 c4 43. Nd4 Rd6 44. Ke3 a5 45. Nf3 b3 46. cxb3 cxb3 47. a3 Rd8 48. Kd4 Ke6 49. Rf4 Rc8 50. Ng5+ Kd6 51. f7 1-0

[Event "North-West Cup final"]
[Site "St Petersburg"]
[Date "2011.12.10"]
[Round "7"]
[White "Ivanov, Sergei A"]
[Black "Suleymanyants, Odisey"]
[Result "1-0"]
[WhiteElo "2355"]
[BlackElo "2290"]
[PlyCount "127"]
[EventDate "2011.12.05"]
[EventType "tourn"]
[EventRounds "9"]
[EventCountry "RUS"]
[SourceTitle "EXT 2022"]
[Source "ChessBase"]
[SourceDate "2021.10.06"]
[SourceVersion "1"]
[SourceVersionDate "2021.10.06"]
[SourceQuality "1"]

1. e4 d6 2. Nc3 Nf6 3. f4 d5 4. e5 d4 5. Nce2 Ng8 6. Nf3 c5 7. Ng3 Nc6 8. Bb5 Qb6 9. a4 a6 10. Bc4 e6 11. Qe2 Na5 12. Ba2 Bd7 13. d3 0-0-0 14. 0-0 Ne7 15. Ng5 Be8 16. f5 h6 17. Qh5 exf5 18. Nxf7 g6 19. Qf3 Bxf7 20. Bxf7 Qc6 21. Bd2 Qxf3 22. gxf3 Nac6 23. f4 Kd7 24. h4 Rh7 25. Bc4 h5 26. Ne2 Rb8 27. a5 Nc8 28. Kg2 Be7 29. Kg3 N8a7 30. Ng1 Nd8 31. Nf3 Ne6 32. Kh3 Nc6 33. Rg1 Rg7 34. Rg3 Re8 35. Ra4 Rb8 36. Rg1 Rgg8 37. c3 Rg7 38. Rc1 Rd8 39. Kg3 Nc7 40. Be1 Nb5 41. Bf2 Kc7 42. Be6 dxc3 43. bxc3 Rxd3 44. Be1 Bd8 45. Kf2 Ne7 46. Ke2 Rxf3 47. Kxf3 Nc6 48. Bf2 Re7 49. Bc4 b6 50. axb6+ Kxb6 51. Bd5 Ra7 52. Rb1 Kc7 53. Bxc5 Nxc3 54. Bxa7 Nxb1 55. Be3 Nc3 56. Bxc6 Nxa4 57. Bxa4 Bxh4 58. Be8 g5 59. fxg5 Kd8 60. Bxh5 Ke7 61. Kf4 a5 62. g6 Kf8 63. Bd1 Be7 64. Kxf5 1-0

[Event "North-West Cup final"]
[Site "St Petersburg"]
[Date "2011.12.09"]
[Round "5"]
[White "Suleymanyants, Odisey"]
[Black "Dokutchaev, Aleksander"]
[Result "0-1"]
[WhiteElo "2290"]
[BlackElo "2436"]
[PlyCount "48"]
[EventDate "2011.12.05"]
[EventType "tourn"]
[EventRounds "9"]
[EventCountry "RUS"]
[SourceTitle "EXT 2022"]
[Source "ChessBase"]
[SourceDate "2021.10.06"]
[SourceVersion "1"]
[SourceVersionDate "2021.10.06"]
[SourceQuality "1"]

1. e4 e5 2. Nf3 Nc6 3. Bc4 Bc5 4. 0-0 Nf6 5. Re1 0-0 6. c3 Nxe4 7. d4 exd4 8. cxd4 Bb4 9. Bxf7+ Rxf7 10. Rxe4 d5 11. Rf4 Qf8 12. Rxf7 Qxf7 13. a3 Ba5 14. b4 Bb6 15. b5 Na5 16. Ne5 Qf6 17. Be3 Nc4 18. Nxc4 dxc4 19. Nc3 Be6 20. Qe2 Rd8 21. Rd1 Qg6 22. f3 Re8 23. Kh1 Ba5 24. Ne4 Bd5 0-1

[Event "Petrozavodsk"]
[Site "Petrozavodsk"]
[Date "2010.10.09"]
[Round "1"]
[White "Toivonen, Alexander"]
[Black "Suleymanyants, Odisey"]
[Result "1-0"]
[WhiteElo "2304"]
[BlackElo "2304"]
[PlyCount "91"]
[EventDate "2010.10.09"]
[EventType "tourn"]
[EventRounds "9"]
[EventCountry "RUS"]
[EventCategory "1"]
[SourceTitle "EXT 2011"]
[Source "ChessBase"]
[SourceDate "2010.11.26"]
[SourceVersion "1"]
[SourceVersionDate "2010.11.26"]
[SourceQuality "1"]

1. d4 Nc6 2. Nf3 d6 3. e4 e5 4. dxe5 Nxe5 5. Nxe5 dxe5 6. Qxd8+ Kxd8 7. Bc4 f6 8. Be3 c6 9. Nd2 Kc7 10. a4 Ne7 11. a5 Bd7 12. Nb3 Nc8 13. 0-0 Nd6 14. Bd3 f5 15. Nc5 f4 16. Nxd7 Kxd7 17. Bd2 Ke6 18. Rfd1 Be7 19. b4 b6 20. c4 c5 21. b5 h5 22. Bc3 Rad8 23. Kf1 Rd7 24. Bc2 Rhd8 25. Rd5 Nf7 26. axb6 axb6 27. Ra6 Rb7 28. Bd1 g6 29. g3 fxg3 30. hxg3 Rxd5 31. exd5+ Kf6 32. f4 Bd6 33. Ra2 Kf5 34. fxe5 Nxe5 35. Rf2+ Ke4 36. Bc2+ Ke3 37. Re2+ Kf3 38. Bxe5 Bxe5 39. Rxe5 Kxg3 40. Bxg6 h4 41. d6 Rd7 42. Rd5 h3 43. Rd3+ Kg4 44. Be8 Ra7 45. Bc6 Rf7+ 46. Kg1 1-0

[Event "SZFO-ch"]
[Site "St Petersburg"]
[Date "2009.03.25"]
[Round "2"]
[White "Suleymanyants, Odisey"]
[Black "Feoktistov, Alexey A"]
[Result "0-1"]
[WhiteElo "2311"]
[BlackElo "2415"]
[PlyCount "89"]
[EventDate "2009.03.23"]
[EventType "swiss"]
[EventRounds "9"]
[EventCountry "RUS"]
[SourceTitle "EXT 2010"]
[Source "ChessBase"]
[SourceDate "2010.11.25"]
[SourceVersion "1"]
[SourceVersionDate "2010.11.25"]
[SourceQuality "1"]

1. e4 e5 2. Nf3 Nc6 3. Bc4 Bc5 4. 0-0 Nf6 5. c3 0-0 6. d4 Be7 7. dxe5 Nxe4 8. Re1 Nc5 9. b4 Ne6 10. b5 Nb8 11. Nd4 d5 12. exd6 Bxd6 13. Nf5 Bc5 14. Qg4 Qf6 15. Bh6 Qg6 16. Qxg6 hxg6 17. Be3 gxf5 18. Bxe6 Bxe3 19. Bxc8 Bxf2+ 20. Kxf2 Rxc8 21. Re5 g6 22. Na3 Nd7 23. Re7 Nc5 24. Rd1 Kf8 25. Re5 Ne4+ 26. Kf3 Rd8 27. Red5 Ke7 28. Re5+ Kf6 29. Red5 Rxd5 30. Rxd5 a6 31. Rd7 axb5 32. Nxb5 c6 33. Nd4 Nc5 34. Rc7 Rxa2 35. h4 Ra3 36. Ne2 Ra4 37. g3 Rc4 38. Ke3 Re4+ 39. Kf3 Re7 40. Rc8 Rd7 41. Nd4 Ne4 42. Kg2 Nxc3 43. Nxc6 Rd2+ 44. Kh3 Ne2 45. g4 0-1